| 000 | 00504nam a22002057a 4500 | ||
|---|---|---|---|
| 003 | OSt | ||
| 005 | 20151119194354.0 | ||
| 008 | 151119b xxu||||| |||| 00| 0 eng d | ||
| 020 | _a0727916270 | ||
| 040 | _cDLMN. | ||
| 082 | _aQZ50 K618w 2002 | ||
| 100 |
_aKingston M.Helen. _96232 |
||
| 245 | _aABC of Clinical Genitals. | ||
| 250 | _a3rd ed | ||
| 260 |
_aIndia. _bBMJ, _c2002. |
||
| 300 |
_a120p; _bill; _c30cm |
||
| 504 | _aincludes index. | ||
| 650 |
_aClinical Nursing. _96094 |
||
| 942 |
_2z _cSLOAN |
||
| 999 |
_c2629 _d2629 |
||